Limites da liberdade processual

Bibliographic Details
Main Author: Cabral, Trc̕ia Navarro Xavier
Format: eBook
Language:Portuguese
Published: San Pablo: Editora Foco, 2021
Subjects:
Online Access:Acceso restringido

MARC

LEADER 00000nam a22000007a 4500
005 2021091006146.0
007 cr|||| ||||
008 210910s2021 br |||||s|||| 00||0 por d
020 |a 978-65-5515-311-8 
035 |a 35169 
040 |a vLex 
090 |c 12398  |d 12398 
100 1 |a Cabral, Trc̕ia Navarro Xavier 
245 1 0 |a Limites da liberdade processual  |h [Recurso electrn̤ico] /  |c Trc̕ia Navarro Xavier Cabral 
256 |a Servicio en ln̕ea 
260 |a San Pablo:  |b Editora Foco,  |c 2021 
300 |a 1 recurso electrn̤ico 
506 1 |a Disponible solo en los productos indicados  |d vLex Global  |d vLex Global (Academic Edition, excluding Law Schools)  |d vLex Global (U.S. Academic Edition, Law Schools)  |d vLex Global (U.S. Academic Edition, excluding Law Schools)  |d vLex Global (Academic Edition, Law Schools) 
650 0 4 |a Derecho Procesal  |z Brasil 
740 0 |a vLex Libros (Servicio en ln̕ea) 
856 4 0 |u https://app.vlex.com/#/sources/35169  |z Acceso restringido 
942 |c BOOK 
999 0 |a Procedural law